00957 a2200205 4500003000500000005001700005010001600022020001500038040000900053082001500062100002300077245010400100260005000204300002700254505034200281650002300623650004700646650003800693700002000731NUST20230102175321.0 a 81003463 a0894433598 cNust00a371.95,PER1 aPerrone, Philip A.14aThe developmental education and guidance of talented learners /cPhilip A. Perrone, Robert A. Male. aRockville, Md. :bAspen Systems Corp.,c1981. axiii, 240 p. ;c24 cm. aSection. 1: issues and problems Related to the Unique Developmental Need of Persons With Talent Potential (Page-1), Section .2: The Fulfillment of Developmental Potential in Talented persons (Page-63), Section .3: How to Plan and Implement Programs to Foster Development of talent Potential (Page-143), Section .4: Resources (Page-209).  0aChild development. 0aGifted childrenxEducationzUnited States. 0aTalented studentszUnited States.1 aMale, Robert A.